000 00357nam a2200145Ia 4500
008 151213s9999 xx 000 0 und d
100 _aArnold, V.A.
245 _aTapestries
_cArnold, V.A.
260 _aNew york
_bMcMillan
_c1991
300 _a1741 p.
650 _aEnglish Language
650 _aEnglish Language
700 _aArnold, V.A.
999 _c1283
_d1283